00562nam a22002057a 450000500170000001000110001702000100002803500110003803700160004904000120006508200160007710000170009324500360011026000410014627000380018730000250022549000300025065000480028065000280032820170124105936.0 a569606 c02.50 a569606 bCen Lib/Ret aDPLbEN a230.33bSWA aSingh, B.K.  aSwami Dayanand /bby B.K. Singh aNew DelhibNational Book Trustc1970 aA-5 Green ParkbNew Delhie110016 avi,143p. :c17cm(Hb) aNational Biography Series aDayananda Sarasvati, -- Swami, -- 1824-1883 aArya-Samaj -- Biography